000 002380000a22000970004500
100 1 _aWhitman, Andrew
245 1 0 _aAn ode to Robert Maxwell : Psalm 73
300 _aVol. 16, Núm 2 (1998), Páginas 34-38
773 0 _tEvangel
942 _cANA
999 _c54483
_d54483